Amerika

Збережено в:
Бібліографічні деталі
Автор: Kafka, Franz (Автор)
Формат: Книга
Мова:Іспанська
Опубліковано: Nueva York Schocken Books 1974
Серія:Kafka Library
Предмети:
Теги: Додати тег
Немає тегів, Будьте першим, хто поставить тег для цього запису!

MARC

LEADER 00000nam a2200000 a 4500
001 UCK4986
003 CL-VaPUC
008 050708e19740000US |||||||||||||||||spa|d
020 |a 0805209441 
082 0 4 |a 891.863  |b KAF  |2 21 
100 |a Kafka, Franz   |e author  |9 266293 
245 1 0 |a Amerika 
300 |a 299 p 
942 |c BK 
945 |d 20050708 00:00:00  |a cmena 
260 |a Nueva York  |b Schocken Books  |c 1974 
650 7 |a NOVELAS CHECOESLOVACAS  |2 CL-VaPUC  |9 322610 
650 7 |a LITERATURA CHECOESLOVACA  |2 CL-VaPUC  |9 348950 
583 |a last modification  |c 20120829 01:32:47  |k Rodrigo Vera 
490 0 |a Kafka Library 
999 |c 313685  |d 313683 
952 |0 0  |1 0  |4 0  |6 891_863000000000000_KAF_1974  |7 0  |8 A  |9 385168  |a BIBEDU  |b BIBEDU  |d 2019-11-22  |i 4143736  |o 891.863 KAF 1974  |p 4143736  |r 2019-11-22  |w 2019-11-22  |y BK  |k LIT